000 00541nam a2200157 i 4500
001 93525
003 ES-MaACL
005 20230906181242.0
007 t|
008 050413s1911 sp ||||1| spa d
100 1 _aLópez Alarcón, Enrique.
_973383
245 1 0 _aCrónica de un testigo. Melilla 1909
_b: Diario de la guerra escrito durante las operaciones militares en el Rif /
_cpor Enrique López Alarcón.
260 _aMadrid :
_b[s.n., s.a.] (
_fHijos de R. Alvarez,
_g1911)
300 _a416 p. ;
_c18 cm.
852 _aES-MaACL
_jF-1661
999 _c93525
_d93525